| 000 | 00821nam a2200229Ia 4500 | ||
|---|---|---|---|
| 008 | 130821s1996 sp gr spa | ||
| 020 | _a8479533269 | ||
| 040 |
_aCo-BoUCM _bspa |
||
| 041 | 0 | 0 | _aspa |
| 060 | _aWM 420 | ||
| 100 | 1 |
_aCaldwell, Christine _9159675 |
|
| 245 | 1 | 0 |
_aHabitar el cuerpo recuperación y transformación desde la psicología somática _cChristine Caldwell ; prólogo de Gay y Kathlyn Hendricks ; traducción Hernán Sabaté |
| 260 |
_aBarcelona (España) _bEdiciones Urano _c1996 |
||
| 300 | _a183 páginas | ||
| 504 | _aIncluye bibliografía. | ||
| 650 | 0 | 4 |
_aMovimiento _919811 |
| 650 | 0 | 4 |
_aPsicología _98001 |
| 650 | 0 | 4 |
_aPsiquiatría _98004 |
| 700 | 1 |
_aSabaté, Hernán _etraductor. _9159676 |
|
| 765 | _tGetting our bodies back | ||
| 942 |
_cLIBRO _a15 _e1 _mC147h _2NLM _hWM 420 _n0 |
||
| 999 |
_c38319 _d38319 |
||